Les 200 plus grandes villes de France en Bretagne - Statistiques

Statistiques générales
  • Ce quiz a été pris 537 fois
  • Le résultat moyen est 6 sur 7
Statistiques - réponses
Ville
Population
(en milliers)
% Correct
25 Brest 139
99%
11 Rennes 220
99%
86 Quimper 63
95%
99 Lorient 57
91%
114 Vannes 53
89%
143 Saint Malo 46
85%
166 Saint Brieuc 43
83%
Aucun quiz correspondant
Distribution des résultats
% des personnes avec chaque résultat
Percentile par nombre de réponses
Votre historique - résultats
Vous n’avez pas pris ce quiz